| 000 | 00687nam a22001935i 4500 | ||
|---|---|---|---|
| 001 | 152116 | ||
| 003 | ES-MaACL | ||
| 005 | 20230906204536.0 | ||
| 008 | 051018s1884 fr a | |||||||| ||fre d | ||
| 040 |
_aCAM _bspa _cCAM |
||
| 100 | 1 |
_aBigot, Charles. _928851 |
|
| 245 | 1 | 0 |
_aRaphaël et la Farnésine / _cpar Charles Bigot ; gravures par Tiburce de Mare. |
| 260 |
_aParis : _bGazette des Beaux-Arts, _c1884 ( _fTyp. A. Quantin) |
||
| 300 |
_a132 p., [15] h. de lám. ; _c31 cm. |
||
| 600 | 1 | 4 |
_aRafael- _xCrítica e interpretación. _9131564 |
| 610 | 2 | 4 |
_aPalacio Farnesio (Roma) _9134742 |
| 700 | 1 |
_aMare, Tiburce de ( _d1840-1900) _9154859 |
|
| 852 |
_aES-MaACL _jG-2222 _z-- Enc. hol. |
||
| 999 |
_c152116 _d152116 |
||